00710caa a22001452a 4500001000900000003001100009008004300020100002200063245004900085300001500134500013200149546001300281773013500294773013500429 005237 AR-FADEU 311216n########xxu####################dd aNelson, Katherine aConcepts and meaning in language development aPP. 89-116 aEn: Biological and behavioral determinants of language development /ed. Norman A. Krasnegor. Hillsdale : Lawrence Erlbaum, 1991 aInglés0 011055abdHillsdaleo02971tBIOLOGICAL and behavioral determinants of language developmentw( AR-FADEU) 005233xz0-8058-0993-70 011055abdHillsdaleo03495tBIOLOGICAL and behavioral determinants of language developmentw( AR-FADEU) 005233xz0-8058-0993-7